[Event "Quebec-ch amateur U2000"]
[Site "Montreal"]
[Date "1993.10.09"]
[Round "2"]
[White "Dufort, Michel"]
[Black "Gagnon, Fabien"]
[Result "0-1"]
[WhiteElo "1862"]
[BlackElo "1830"]
[PlyCount "94"]
[EventDate "1993.10.08"]
[EventType "swiss"]
[EventRounds "5"]
[EventCountry "CAN"]
[SourceTitle "EXT 2022"]
[Source "ChessBase"]
[SourceDate "2021.10.06"]
[SourceVersion "1"]
[SourceVersionDate "2021.10.06"]
[SourceQuality "1"]

1. d4 f5 2. c4 Nf6 3. g3 e6 4. Bg2 c6 5. Nc3 d5 6. Nf3 Bd6 7. 0-0 Nbd7 8. Rb1 Ne4 9. c5 Bc7 10. Qc2 h6 11. b4 g5 12. b5 g4 13. Nh4 Qf6 14. bxc6 bxc6 15. Be3 e5 16. Nxe4 fxe4 17. dxe5 Bxe5 18. f3 gxf3 19. exf3 Bd4 20. Qd2 Bxe3+ 21. Qxe3 Ba6 22. Rf2 0-0 23. Bh3 Ne5 24. fxe4 Qxf2+ 25. Qxf2 Rxf2 26. Kxf2 dxe4 27. Bg2 Rf8+ 28. Kg1 e3 29. Re1 e2 30. Bh3 Bd3 31. Bg2 Rf6 32. Bh3 Kf7 33. Bg2 Ke6 34. h3 Kd7 35. g4 Rf4 36. Rc1 h5 37. Nf5 Nf3+ 38. Kf2 Nh4+ 39. Kg3 Nxg2 40. Ne3 h4+ 41. Kxg2 Ke6 42. Re1 Ke5 43. g5 Kd4 44. Nc2+ Kc3 45. g6 Rf6 46. g7 Rg6+ 47. Kf2 Kxc2 0-1